<?xml version="1.0" encoding="UTF-8"?>
<record
    xmlns:xsi="http://www.w3.org/2001/XMLSchema-instance"
    xsi:schemaLocation="http://www.loc.gov/MARC21/slim http://www.loc.gov/standards/marcxml/schema/MARC21slim.xsd"
    xmlns="http://www.loc.gov/MARC21/slim">

  <leader>01295nam a22002177a 4500</leader>
  <controlfield tag="005">20240802144435.0</controlfield>
  <datafield tag="010" ind1=" " ind2=" ">
    <subfield code="a">HIN-128141</subfield>
  </datafield>
  <datafield tag="020" ind1=" " ind2=" ">
    <subfield code="a">9789352102051</subfield>
    <subfield code="c">150.00</subfield>
  </datafield>
  <datafield tag="035" ind1=" " ind2=" ">
    <subfield code="a">HN-100487</subfield>
  </datafield>
  <datafield tag="037" ind1=" " ind2=" ">
    <subfield code="b">DBAD</subfield>
  </datafield>
  <datafield tag="082" ind1=" " ind2=" ">
    <subfield code="a">181.499</subfield>
    <subfield code="2">&#x92A;&#x94D;&#x930;&#x925;&#x92E;</subfield>
  </datafield>
  <datafield tag="100" ind1=" " ind2=" ">
    <subfield code="a">&#x92A;&#x923;&#x94D;&#x921;&#x93F;&#x91A;&#x947;&#x930;&#x940;, &#x906;&#x936;&#x94D;&#x930;&#x92E; &#x905;&#x930;&#x935;&#x93F;&#x928;&#x94D;&#x926; </subfield>
    <subfield code="9">69323</subfield>
  </datafield>
  <datafield tag="245" ind1=" " ind2=" ">
    <subfield code="a">&#x936;&#x94D;&#x930;&#x940; &#x905;&#x930;&#x935;&#x93F;&#x928;&#x94D;&#x926; &#x905;&#x92A;&#x928;&#x947; &#x90F;&#x935;&#x902; &#x906;&#x936;&#x94D;&#x930;&#x92E; &#x915;&#x947; &#x938;&#x902;&#x92C;&#x902;&#x927; &#x92E;&#x947;&#x902; (&#x938;&#x93E;&#x927;&#x915;-&#x936;&#x93F;&#x937;&#x94D;&#x92F;&#x94B;&#x902; &#x915;&#x947; &#x938;&#x93E;&#x925; &#x92A;&#x924;&#x94D;&#x930;&#x93E;&#x91A;&#x93E;&#x930;)/</subfield>
    <subfield code="c">&#x932;&#x947;&#x916;&#x915; &#x905;&#x930;&#x935;&#x93F;&#x928;&#x94D;&#x926; &#x906;&#x936;&#x94D;&#x930;&#x92E; &#x92A;&#x923;&#x94D;&#x921;&#x93F;&#x91A;&#x947;&#x930;&#x940;</subfield>
    <subfield code="h">&#x939;&#x93F;&#x902;&#x926;&#x940;</subfield>
    <subfield code="b">&#x917;&#x941;&#x930;&#x941; &#x914;&#x930; &#x909;&#x928;&#x915;&#x940; &#x906;&#x927;&#x94D;&#x92F;&#x93E;&#x924;&#x94D;&#x92E;&#x93F;&#x915; &#x936;&#x915;&#x94D;&#x924;&#x93F; </subfield>
  </datafield>
  <datafield tag="250" ind1=" " ind2=" ">
    <subfield code="a">&#x92A;&#x94D;&#x930;&#x925;&#x92E;</subfield>
  </datafield>
  <datafield tag="260" ind1=" " ind2=" ">
    <subfield code="a">&#x926;&#x93F;&#x932;&#x94D;&#x932;&#x940;</subfield>
    <subfield code="b">&#x936;&#x94D;&#x930;&#x940; &#x905;&#x930;&#x935;&#x93F;&#x928;&#x94D;&#x926; &#x906;&#x936;&#x94D;&#x930;&#x92E; &#x92A;&#x94D;&#x930;&#x915;&#x93E;&#x936;&#x928; &#x935;&#x93F;&#x92D;&#x93E;&#x917; </subfield>
    <subfield code="c">&#x968;&#x966;&#x968;&#x966;</subfield>
  </datafield>
  <datafield tag="270" ind1=" " ind2=" ">
    <subfield code="a">&#x936;&#x94D;&#x930;&#x940; &#x905;&#x930;&#x935;&#x93F;&#x928;&#x94D;&#x926; &#x906;&#x936;&#x94D;&#x930;&#x92E; &#x92A;&#x94D;&#x930;&#x947;&#x938; </subfield>
    <subfield code="b">&#x92A;&#x923;&#x94D;&#x921;&#x93F;&#x91A;&#x947;&#x930;&#x940;</subfield>
    <subfield code="e">&#x96C;&#x966;&#x96B;&#x966;&#x966;&#x968;</subfield>
  </datafield>
  <datafield tag="300" ind1=" " ind2=" ">
    <subfield code="a">&#x967;&#x96F;&#x967;&#x92A;&#x943;&#x937;&#x94D;&#x920;;</subfield>
    <subfield code="c">22&#x938;&#x947;&#x92E;&#x940;(&#x938;&#x91C;&#x93F;&#x932;&#x94D;&#x926;)</subfield>
  </datafield>
  <datafield tag="490" ind1=" " ind2=" ">
    <subfield code="v">&#x92D;&#x93E;&#x917; -&#x969;</subfield>
  </datafield>
  <datafield tag="700" ind1=" " ind2=" ">
    <subfield code="a">&#x905;&#x930;&#x935;&#x93F;&#x928;&#x94D;&#x926; &#x906;&#x936;&#x94D;&#x930;&#x92E; &#x92A;&#x923;&#x94D;&#x921;&#x93F;&#x91A;&#x947;&#x930;&#x940;</subfield>
    <subfield code="9">69267</subfield>
  </datafield>
  <datafield tag="942" ind1=" " ind2=" ">
    <subfield code="2">ddc</subfield>
    <subfield code="c">HN</subfield>
    <subfield code="h">181.499</subfield>
    <subfield code="m">&#x923;&#x94D;&#x921;&#x93F;&#x91A;&#x947;&#x930;&#x940;</subfield>
  </datafield>
  <datafield tag="999" ind1=" " ind2=" ">
    <subfield code="c">204753</subfield>
    <subfield code="d">204753</subfield>
  </datafield>
  <datafield tag="952" ind1=" " ind2=" ">
    <subfield code="0">0</subfield>
    <subfield code="1">0</subfield>
    <subfield code="4">0</subfield>
    <subfield code="7">0</subfield>
    <subfield code="8">NFIC</subfield>
    <subfield code="a">BL1</subfield>
    <subfield code="b">BL1</subfield>
    <subfield code="d">2024-08-02</subfield>
    <subfield code="e">DBAD</subfield>
    <subfield code="g">150.00</subfield>
    <subfield code="l">0</subfield>
    <subfield code="o">181.499 &#x923;&#x94D;&#x921;&#x93F;&#x91A;&#x947;&#x930;&#x940;</subfield>
    <subfield code="p">HN-100487</subfield>
    <subfield code="r">2024-08-02 00:00:00</subfield>
    <subfield code="t">1</subfield>
    <subfield code="v">150.00</subfield>
    <subfield code="w">2024-08-02</subfield>
    <subfield code="y">HN</subfield>
  </datafield>
</record>
